[Event "Superbet POL Blitz 2024"]
[Site "Warsaw POL"]
[Date "2024.05.11"]
[Round "5.1"]
[White "Carlsen, Magnus"]
[Black "Keymer, Vincent"]
[Result "1-0"]
[WhiteTitle "GM"]
[BlackTitle "GM"]
[WhiteElo "2830"]
[BlackElo "2726"]
[WhiteFideId "1503014"]
[BlackFideId "12940690"]
[EventDate "2024.05.11"]

1. c4 Nf6 2. Nc3 e5 3. Nf3 Nc6 4. a3 d5 5. cxd5 Nxd5 6. Qc2 Nxc3 7. bxc3 Bd6 8.
g3 O-O 9. Bg2 Qe7 10. d3 h6 11. O-O Na5 12. c4 c5 13. Nd2 f5 14. Nb1 Nc6 15. Nc3
Rb8 16. Rb1 Nd4 17. Qd1 f4 18. e3 fxe3 19. fxe3 Rxf1+ 20. Qxf1 Nc6 21. Bd5+ Kh8
22. Bb2 Bd7 23. Qg2 Rf8 24. Rf1 Rxf1+ 25. Qxf1 b6 26. Qf3 Qe8 27. Ne4 Bc7 28.
Nf2 Ne7 29. Be4 Ng8 30. g4 Nf6 31. Bf5 Bc6 32. Qh3 Nh7 33. Qg3 Nf6 34. g5 hxg5
35. Qxg5 Qh5 36. Qxh5+ Nxh5 37. Ng4 e4 38. Bg6 exd3 39. Bxh5 Bf3 40. Bc3 Be2 41.
h3 Kh7 42. Bf7 Bg3 43. Kg2 Bh4 44. Bd5 g6 1-0

[Event "Superbet POL Blitz 2024"]
[Site "Warsaw POL"]
[Date "2024.05.11"]
[Round "5.2"]
[White "Giri, Anish"]
[Black "Wei, Yi"]
[Result "0-1"]
[WhiteTitle "GM"]
[BlackTitle "GM"]
[WhiteElo "2745"]
[BlackElo "2755"]
[WhiteFideId "24116068"]
[BlackFideId "8603405"]
[EventDate "2024.05.11"]

1. d4 Nf6 2. c4 e6 3. Nf3 d5 4. Nc3 c6 5. e3 Nbd7 6. Qc2 Bd6 7. Bd3 O-O 8. O-O
dxc4 9. Bxc4 a6 10. Rd1 b5 11. Bd3 Bb7 12. Ng5 h6 13. Nge4 Be7 14. Nxf6+ Nxf6
15. Ne4 Nxe4 16. Bxe4 Qb6 17. Bd2 b4 18. a3 a5 19. axb4 axb4 20. h3 Rxa1 21.
Rxa1 Rc8 22. Be1 h5 23. Qc4 g6 24. Bxg6 fxg6 25. Qxe6+ Kf8 26. Qxg6 Qb5 27. e4
Qe2 28. e5 Rc7 29. e6 Bd6 30. Qh6+ Kg8 31. Bd2 Qe4 32. Re1 Qf5 33. Bg5 Rh7 34.
Qf6 Qxf6 35. Bxf6 Kf8 36. Bh4 Ke8 37. f3 Rh6 38. Bg5 Rg6 39. f4 Bc8 40. Rc1 Bxe6
41. Rxc6 Bd5 42. Rb6 Kf7 43. h4 Be4 44. Kf2 Ke6 45. Rb5 Bd3 46. Ra5 Kd7 47. Ra7+
Kc6 48. Ra5 Rg8 49. Bf6 Rg4 50. Be5 Rxh4 51. Ke3 Bf1 52. d5+ Kb6 53. Ra1 Bc5+
54. Kf3 Bc4 55. Ke4 Rg4 56. Rc1 Kb5 57. d6 Rxg2 58. Rh1 Re2+ 59. Kf5 Rd2 60.
Rxh5 Bxd6 61. Kf6 Bxe5+ 62. Rxe5+ Ka4 63. f5 Rxb2 64. Re4 Kb3 65. Ke7 Re2 0-1

[Event "Superbet POL Blitz 2024"]
[Site "Warsaw POL"]
[Date "2024.05.11"]
[Round "5.3"]
[White "Duda, Jan-Krzysztof"]
[Black "Gukesh, D"]
[Result "0-1"]
[WhiteTitle "GM"]
[BlackTitle "GM"]
[WhiteElo "2734"]
[BlackElo "2764"]
[WhiteFideId "1170546"]
[BlackFideId "46616543"]
[EventDate "2024.05.11"]

1. e4 e5 2. Nf3 Nc6 3. Bb5 a6 4. Ba4 Nge7 5. O-O Ng6 6. c3 d5 7. exd5 Qxd5 8.
Bb3 Qd3 9. Bc2 Qd8 10. Re1 Be7 11. d3 O-O 12. Nbd2 b5 13. a4 Bb7 14. Ne4 Qd7 15.
h4 Qg4 16. Neg5 h6 17. Re4 Qd7 18. h5 Nh8 19. Nh3 Bd6 20. d4 f5 21. dxe5 fxe4
22. Qd5+ Nf7 23. Qxe4 Nfxe5 24. Qh7+ Kf7 25. Bxh6 Nxf3+ 26. gxf3 Qxh3 27. Qxg7+
Ke8 28. Bg6+ 0-1

[Event "Superbet POL Blitz 2024"]
[Site "Warsaw POL"]
[Date "2024.05.11"]
[Round "5.4"]
[White "Erigaisi, Arjun"]
[Black "Abdusattorov, Nodirbek"]
[Result "1-0"]
[WhiteTitle "GM"]
[BlackTitle "GM"]
[WhiteElo "2762"]
[BlackElo "2766"]
[WhiteFideId "35009192"]
[BlackFideId "14204118"]
[EventDate "2024.05.11"]

1. d4 d5 2. c4 dxc4 3. Nf3 Nf6 4. e3 e6 5. Bxc4 a6 6. O-O Be7 7. Qe2 b5 8. Bd3
Bb7 9. a4 Nbd7 10. axb5 axb5 11. Rxa8 Qxa8 12. Bxb5 O-O 13. Nbd2 c6 14. Bc4 c5
15. dxc5 Nxc5 16. b3 Bd5 17. Bb2 Rd8 18. Bd4 Qb7 19. h3 h6 20. Ra1 Rb8 21. Bxd5
Nxd5 22. Qc4 Nb6 23. Qc2 Nbd7 24. Rb1 Na6 25. Qb2 Bf8 26. Nc4 Nb4 27. Nfd2 Nc6
28. Bc3 Nc5 29. Qc2 Nb4 30. Qd1 Ne4 31. Be5 Nxd2 32. Qxd2 Ra8 33. Qd1 Nd5 34.
Ra1 Rc8 35. Bd4 Rb8 36. Ne5 Ra8 37. Ra4 Bd6 38. Qa1 Rb8 39. Nc4 Bf8 40. Be5 Rd8
41. Qb1 Nb4 42. Bc3 Nc6 43. Ra2 Rb8 44. Rb2 Rd8 45. Rd2 Rb8 46. Rb2 Rd8 47. b4
Qb5 48. Na3 Qd3 49. Qxd3 Rxd3 50. Nb1 Bd6 51. Kf1 Rd5 52. b5 Nd8 53. Ke2 Nb7 54.
Bd4 Bc5 55. Bxc5 Rxc5 56. Nd2 Kf8 57. Kd3 Ke7 58. Ne4 Rd5+ 59. Kc4 f5 60. Nc3
Rd1 61. Nxd1 1-0

[Event "Superbet POL Blitz 2024"]
[Site "Warsaw POL"]
[Date "2024.05.11"]
[Round "5.5"]
[White "Shevchenko, Kirill"]
[Black "Praggnanandhaa, R"]
[Result "0-1"]
[WhiteTitle "GM"]
[BlackTitle "GM"]
[WhiteElo "2677"]
[BlackElo "2747"]
[WhiteFideId "14129574"]
[BlackFideId "25059530"]
[EventDate "2024.05.11"]

1. d4 Nf6 2. c4 e6 3. Nf3 Bb4+ 4. Bd2 Qe7 5. e3 b6 6. Bd3 Bb7 7. Nc3 O-O 8. O-O
d6 9. Bc2 Nbd7 10. Qe2 Bxc3 11. Bxc3 Ne4 12. Bxe4 Bxe4 13. Nd2 Bg6 14. b4 e5 15.
d5 f5 16. f3 Bh5 17. Qf2 b5 18. cxb5 Nb6 19. Rfc1 Nxd5 20. Nc4 Bf7 21. a4 Nb6
22. Na5 Bd5 23. Qd2 Qf7 24. Bb2 a6 25. bxa6 Rxa6 26. b5 Ra7 27. Bc3 Rfa8 28. Bb4
h6 29. h3 Be6 30. Qc2 Nd5 31. Nc6 Nxb4 32. Nxb4 Bb3 33. Qc6 Bxa4 34. Nd5 Bxb5
35. Qxa8+ Rxa8 36. Rxa8+ Kh7 37. Nxc7 Bc4 38. Ra7 d5 39. Rb1 f4 40. exf4 Qxf4
41. Rba1 d4 42. Ne8 Bf7 43. Nd6 Bd5 44. Ne8 Bf7 45. Nd6 Bh5 46. Re7 Bxf3 47.
Raa7 Qe3+ 48. Kh1 Qc1+ 49. Kh2 Qf4+ 50. Kg1 Qe3+ 51. Kh1 Bxg2+ 52. Kxg2 Qg5+ 53.
Kf3 Qf4+ 54. Ke2 Qe3+ 55. Kd1 Qd3+ 56. Kc1 Qc3+ 57. Kb1 Qb3+ 58. Ka1 Qc3+ 59.
Ka2 Qc2+ 60. Ka3 Kg6 61. Re6+ Kh5 62. Rxe5+ g5 63. Nf7 Qc3+ 64. Ka2 Qc2+ 65. Ka3
Qc3+ 66. Ka2 d3 67. Rd7 Qc4+ 68. Kb2 Qb4+ 69. Kc1 Qc3+ 70. Kb1 Qb3+ 71. Ka1 Qa4+ 0-1

[Event "Superbet POL Blitz 2024"]
[Site "Warsaw POL"]
[Date "2024.05.11"]
[Round "6.1"]
[White "Abdusattorov, Nodirbek"]
[Black "Shevchenko, Kirill"]
[Result "1-0"]
[WhiteTitle "GM"]
[BlackTitle "GM"]
[WhiteElo "2766"]
[BlackElo "2677"]
[WhiteFideId "14204118"]
[BlackFideId "14129574"]
[EventDate "2024.05.11"]

1. e4 c5 2. Nc3 Nc6 3. Nf3 Nf6 4. g3 d6 5. Bg2 g6 6. O-O Bg7 7. d3 O-O 8. h3 Rb8
9. Re1 Nd7 10. Be3 b5 11. a3 a5 12. d4 b4 13. axb4 axb4 14. Ne2 Bb7 15. c3 bxc3
16. bxc3 Ra8 17. Rb1 Ba6 18. h4 Qa5 19. h5 Rfb8 20. Rc1 Rb2 21. Nf4 Nf6 22. hxg6
hxg6 23. e5 dxe5 24. Nxe5 Nxe5 25. dxe5 Rd8 26. Qf3 Bb7 27. Qxb7 Rxb7 28. exf6
Rb2 29. fxe7 Re8 30. Nd5 Rb7 31. Bf4 c4 32. Rcd1 Qc5 33. Be3 Qa3 34. Bg5 Qa6 35.
Nb4 Rxb4 36. cxb4 f6 37. Rd8 1-0

[Event "Superbet POL Blitz 2024"]
[Site "Warsaw POL"]
[Date "2024.05.11"]
[Round "6.2"]
[White "Wei, Yi"]
[Black "Erigaisi, Arjun"]
[Result "1-0"]
[WhiteTitle "GM"]
[BlackTitle "GM"]
[WhiteElo "2755"]
[BlackElo "2762"]
[WhiteFideId "8603405"]
[BlackFideId "35009192"]
[EventDate "2024.05.11"]

1. Nf3 d5 2. e3 Nf6 3. c4 e6 4. b3 Bd6 5. Bb2 c6 6. Qc2 Nbd7 7. Nc3 O-O 8. Be2
dxc4 9. bxc4 e5 10. O-O Re8 11. Ng5 Nc5 12. Rad1 h6 13. Nge4 Nfxe4 14. Nxe4 Bf5
15. f3 Qe7 16. d3 Nxe4 17. fxe4 Bg6 18. Kh1 Rad8 19. Bg4 Bc5 20. Qe2 Qg5 21. Bc1
b5 22. d4 Bb6 23. c5 Bc7 24. d5 Bxe4 25. d6 Ba5 26. Bf3 Qg6 27. Bh5 Bxg2+ 28.
Qxg2 Qxh5 29. Qxc6 e4 30. Bb2 Qe2 31. Bd4 Re6 32. Qd5 Kh7 33. Qf5+ Rg6 34. Qxe4
Bb4 35. Rb1 Re8 36. Qf3 Qc4 37. d7 Rd8 38. c6 Bd6 39. Rbc1 Qxa2 40. Rf2 Qe6 41.
Qxf7 Qe4+ 42. Qf3 Qe6 43. Qf5 Qxf5 44. Rxf5 a6 45. c7 Bxc7 46. Rxc7 b4 47. Bc5
b3 48. Rf2 Re6 49. Rb7 a5 50. Bb6 Rxd7 51. Rxd7 Rxb6 52. Rg2 h5 53. Rgxg7+ Kh6
54. Rb7 Rc6 55. Rgc7 Rxc7 56. Rxc7 a4 57. Rb7 Kg5 58. Kg2 Kf5 59. Kf3 Ke5 60.
Rb4 1-0

[Event "Superbet POL Blitz 2024"]
[Site "Warsaw POL"]
[Date "2024.05.11"]
[Round "6.3"]
[White "Duda, Jan-Krzysztof"]
[Black "Carlsen, Magnus"]
[Result "1/2-1/2"]
[WhiteTitle "GM"]
[BlackTitle "GM"]
[WhiteElo "2734"]
[BlackElo "2830"]
[WhiteFideId "1170546"]
[BlackFideId "1503014"]
[EventDate "2024.05.11"]

1. e4 e5 2. Nf3 Nc6 3. Nc3 Nf6 4. d4 exd4 5. Nxd4 Bb4 6. Nxc6 bxc6 7. Bd3 d5 8.
exd5 O-O 9. O-O Bg4 10. f3 Bh5 11. Bg5 cxd5 12. Bxf6 Qxf6 13. Nxd5 Qxb2 14. Rb1
Bc5+ 15. Kh1 Qe5 16. f4 Bxd1 17. fxe5 Bg4 18. Nxc7 Rac8 19. Rb7 Be6 20. Nxe6
fxe6 21. Rxf8+ Rxf8 22. Bc4 Re8 23. g3 Kf8 24. Kg2 Re7 25. Rb5 Bb6 26. Kf3 Rc7
27. Bxe6 Rxc2 28. Bb3 Rxh2 29. Rd5 Ke7 30. e6 Rf2+ 31. Kg4 Kxe6 32. Rd2+ Ke5 33.
Rxf2 Bxf2 34. Kh3 h5 35. g4 h4 36. Bc4 g5 37. Bb3 a5 38. Bc4 a4 39. Bb5 a3 40.
Bc4 Be3 41. Bb3 Bf2 42. Bc4 Be3 43. Bb3 Bf2 1/2-1/2

[Event "Superbet POL Blitz 2024"]
[Site "Warsaw POL"]
[Date "2024.05.11"]
[Round "6.4"]
[White "Keymer, Vincent"]
[Black "Giri, Anish"]
[Result "1/2-1/2"]
[WhiteTitle "GM"]
[BlackTitle "GM"]
[WhiteElo "2726"]
[BlackElo "2745"]
[WhiteFideId "12940690"]
[BlackFideId "24116068"]
[EventDate "2024.05.11"]

1. Nf3 Nf6 2. c4 e6 3. b3 d5 4. Bb2 c5 5. cxd5 exd5 6. g3 Nc6 7. Bg2 d4 8. O-O
Bd6 9. Na3 O-O 10. e3 Bg4 11. h3 Bh5 12. Re1 Ne4 13. exd4 f5 14. Nc4 cxd4 15. d3
Ng5 16. Bc1 Nxf3+ 17. Bxf3 Bxf3 18. Qxf3 Bb4 19. Bd2 Bxd2 20. Nxd2 f4 21. g4 Qg5
22. Re6 Rae8 23. Rae1 Rxe6 24. Rxe6 Qa5 25. Nc4 Qxa2 26. Re2 Qb1+ 27. Kh2 h6 28.
g5 hxg5 29. Qd5+ Kh8 30. Nd6 Qf1 31. Qf3 Kg8 32. Qd5+ Kh8 33. Qf3 Kg8 34. Qd5+ 1/2-1/2

[Event "Superbet POL Blitz 2024"]
[Site "Warsaw POL"]
[Date "2024.05.11"]
[Round "6.5"]
[White "Gukesh, D"]
[Black "Praggnanandhaa, R"]
[Result "0-1"]
[WhiteTitle "GM"]
[BlackTitle "GM"]
[WhiteElo "2764"]
[BlackElo "2747"]
[WhiteFideId "46616543"]
[BlackFideId "25059530"]
[EventDate "2024.05.11"]

1. Nf3 Nf6 2. g3 g6 3. b3 Bg7 4. Bb2 O-O 5. Bg2 d6 6. d4 a5 7. O-O a4 8. b4 c6
9. a3 d5 10. c4 dxc4 11. Qc2 b5 12. e4 Be6 13. Nc3 Ra7 14. h3 Qb6 15. Rad1 h6
16. Ne2 Bc8 17. d5 Rb7 18. Nf4 Rd8 19. dxc6 Nxc6 20. e5 Bf5 21. Qe2 Ne8 22. g4
Bc8 23. Nh4 e6 24. Rxd8 Nxd8 25. Bxb7 Bxb7 26. Nhg2 Nc6 27. Rd1 Qc7 28. Re1 Ne7
29. Ne3 Qc6 30. f3 c3 31. Bc1 Nc7 32. Nd3 Ncd5 33. Nxd5 Nxd5 34. Nc5 Ba8 35. Qf2
Qc7 36. Qd4 g5 37. Kf2 Qc6 38. Ne4 Qc7 39. Kg1 Bxe5 40. Qc5 Qb8 41. Kg2 Bg7 42.
Rd1 Qb7 43. h4 gxh4 44. Rh1 Nf6 45. Nxf6+ Bxf6 0-1

[Event "Superbet POL Blitz 2024"]
[Site "Warsaw POL"]
[Date "2024.05.11"]
[Round "7.1"]
[White "Praggnanandhaa, R"]
[Black "Abdusattorov, Nodirbek"]
[Result "1/2-1/2"]
[WhiteTitle "GM"]
[BlackTitle "GM"]
[WhiteElo "2747"]
[BlackElo "2766"]
[WhiteFideId "25059530"]
[BlackFideId "14204118"]
[EventDate "2024.05.11"]

1. e4 e5 2. Nf3 Nc6 3. Bb5 a6 4. Ba4 Nf6 5. O-O d6 6. c3 Bd7 7. d4 Be7 8. Re1
O-O 9. Nbd2 b5 10. Bc2 Re8 11. h3 Bf8 12. Nf1 g6 13. Ng3 Bg7 14. d5 Ne7 15. b3
Rf8 16. c4 Rb8 17. c5 Ne8 18. b4 f5 19. a4 f4 20. Nf1 h6 21. Bd3 g5 22. axb5
axb5 23. c6 Bc8 24. N3h2 Nf6 25. Ng4 Nh7 26. Be2 Qe8 27. Ra7 Qd8 28. Nd2 Ng6 29.
Nh2 Nf6 30. Ng4 Nh7 31. Nh2 Nf6 32. Ng4 Ne8 33. Nh2 Nf6 34. Ng4 1/2-1/2

[Event "Superbet POL Blitz 2024"]
[Site "Warsaw POL"]
[Date "2024.05.11"]
[Round "7.2"]
[White "Giri, Anish"]
[Black "Duda, Jan-Krzysztof"]
[Result "1/2-1/2"]
[WhiteTitle "GM"]
[BlackTitle "GM"]
[WhiteElo "2745"]
[BlackElo "2734"]
[WhiteFideId "24116068"]
[BlackFideId "1170546"]
[EventDate "2024.05.11"]

1. d4 Nf6 2. c4 e6 3. Nf3 Bb4+ 4. Bd2 Qe7 5. e3 O-O 6. Bd3 Bxd2+ 7. Qxd2 d6 8.
Nc3 Re8 9. O-O e5 10. Bc2 c6 11. h3 Nbd7 12. Rad1 Nf8 13. dxe5 dxe5 14. Ng5 Be6
15. Nxe6 Nxe6 16. Qd6 Qxd6 17. Rxd6 Rad8 18. Rxd8 Rxd8 19. Rd1 Rxd1+ 20. Bxd1 a5
21. Kf1 g6 22. Ke2 Kf8 23. a3 Nd7 24. b4 axb4 25. axb4 c5 26. bxc5 Nexc5 27. Nd5
f5 28. f3 Kf7 29. Kd2 Ke6 30. Kc3 g5 31. f4 h6 32. Bc2 Nf6 33. Nc7+ Kd7 34. Nd5
Nxd5+ 35. cxd5 gxf4 36. exf4 exf4 37. Bxf5+ Kd6 38. Kd4 b5 39. Bc2 b4 40. Kc4
Nd7 41. Bb3 Nb6+ 42. Kxb4 Nxd5+ 43. Bxd5 Kxd5 44. Kc3 Ke4 45. Kd2 f3 46. gxf3+
Kxf3 47. Ke1 h5 48. Kf1 h4 49. Kg1 Kg3 50. Kh1 Kxh3 51. Kg1 Kg3 52. Kh1 h3 53.
Kg1 h2+ 54. Kh1 Kh3 1/2-1/2

[Event "Superbet POL Blitz 2024"]
[Site "Warsaw POL"]
[Date "2024.05.11"]
[Round "7.3"]
[White "Carlsen, Magnus"]
[Black "Gukesh, D"]
[Result "1-0"]
[WhiteTitle "GM"]
[BlackTitle "GM"]
[WhiteElo "2830"]
[BlackElo "2764"]
[WhiteFideId "1503014"]
[BlackFideId "46616543"]
[EventDate "2024.05.11"]

1. Nf3 d5 2. g3 Nc6 3. d4 Bf5 4. Nh4 Bg4 5. Bg2 e6 6. O-O Be7 7. h3 Bh5 8. Nf3
Nf6 9. c4 O-O 10. cxd5 exd5 11. Nc3 Ne4 12. Ne5 Nxe5 13. dxe5 Nxc3 14. bxc3 c6
15. f4 f6 16. g4 Bf7 17. exf6 Bc5+ 18. Kh2 Qxf6 19. Qd3 Bg6 20. f5 Bf7 21. Bf4
Bd6 22. Bxd6 Qxd6+ 23. Qg3 Rad8 24. Qxd6 Rxd6 25. Rad1 Rfd8 26. Rf4 c5 27. Ra4
a6 28. Ra5 b5 29. a4 Be8 30. Kg3 d4 31. cxd4 Rxd4 32. Rc1 c4 33. Rxa6 bxa4 34.
Bf3 Rc8 35. Rc3 Kf8 36. Ra7 Rd2 37. Kf4 Rb2 38. g5 Rb3 39. Rc1 c3 40. Be4 Rc4
41. Ke3 c2+ 42. Bd3 Rc5 43. Kd4 Rbc3 44. e4 a3 45. e5 Rc8 46. e6 R3c6 47. Be4
Rd6+ 48. Ke5 Rd1 49. Rxc2 Rxc2 50. Bxc2 Re1+ 51. Kd6 Re3 52. f6 1-0

[Event "Superbet POL Blitz 2024"]
[Site "Warsaw POL"]
[Date "2024.05.11"]
[Round "7.4"]
[White "Shevchenko, Kirill"]
[Black "Wei, Yi"]
[Result "0-1"]
[WhiteTitle "GM"]
[BlackTitle "GM"]
[WhiteElo "2677"]
[BlackElo "2755"]
[WhiteFideId "14129574"]
[BlackFideId "8603405"]
[EventDate "2024.05.11"]

1. e4 Nf6 2. e5 Nd5 3. d4 d6 4. Nf3 dxe5 5. Nxe5 c6 6. Be2 Bf5 7. O-O Nd7 8. Nf3
e6 9. a3 Bd6 10. c4 Nf4 11. Bxf4 Bxf4 12. Nc3 O-O 13. Re1 Qf6 14. g3 Bc7 15. Nh4
Rad8 16. Nxf5 exf5 17. d5 Bb6 18. Qc2 Ne5 19. b4 Bd4 20. Rad1 Rfe8 21. Kg2 c5
22. f4 Ng4 23. Bxg4 Rxe1 24. Rxe1 Bxc3 25. Rc1 Bb2 26. Rb1 Bxa3 27. Bxf5 g6 28.
Bd3 Bxb4 29. Qe2 Kf8 30. Qf3 Re8 31. Rd1 Qb2+ 32. Kh3 Qf6 33. Bc2 Qd6 34. f5 Kg7
35. Rf1 Qf6 36. d6 g5 37. d7 Rb8 38. Rd1 b6 39. Qe3 h5 40. Kg2 g4 41. Ba4 Rd8
42. Bc2 Kf8 43. Qf4 Bc3 44. Qe4 Qe5 45. Qd3 Bd4 46. f6 Rxd7 47. Rd2 Qxf6 48. Re2
Qc6+ 49. Qe4 Qxe4+ 50. Bxe4 Re7 0-1

[Event "Superbet POL Blitz 2024"]
[Site "Warsaw POL"]
[Date "2024.05.11"]
[Round "7.5"]
[White "Erigaisi, Arjun"]
[Black "Keymer, Vincent"]
[Result "1/2-1/2"]
[WhiteTitle "GM"]
[BlackTitle "GM"]
[WhiteElo "2762"]
[BlackElo "2726"]
[WhiteFideId "35009192"]
[BlackFideId "12940690"]
[EventDate "2024.05.11"]

1. Nf3 Nf6 2. d4 d5 3. c3 e6 4. Bf4 c5 5. e3 Bd6 6. Ne5 O-O 7. Bd3 Qc7 8. Nd2 b6
9. h4 Ba6 10. Bxa6 Nxa6 11. h5 h6 12. Rh3 cxd4 13. exd4 Nc5 14. Kf1 Nfe4 15.
Nxe4 Nxe4 16. Qg4 Nf6 17. Qe2 Ne4 18. Qg4 Nf6 19. Qh4 Ne4 20. Re3 Bxe5 21. Bxe5
Qd7 22. Kg1 f6 23. Bh2 Rae8 24. Qg4 Qb5 25. Qe2 Qxe2 26. Rxe2 f5 27. Be5 Nf6 28.
Bxf6 gxf6 29. a4 Kf7 30. f3 Rg8 31. Kf2 Rg5 32. Rh1 Reg8 33. Rh2 f4 34. Re1 e5
35. a5 bxa5 36. Ra1 Rb8 37. Ra2 e4 38. fxe4 dxe4 39. Rh4 Rf5 40. Rg4 Rbb5 41. c4
Rb3 42. d5 a4 43. Rxa4 Rxb2+ 44. Kg1 Ke7 45. Ra6 Rg5 46. Rxg5 fxg5 47. Re6+ Kd7
48. Rxe4 Rc2 49. Re6 Rxc4 50. Rxh6 g4 51. Rg6 Rc1+ 52. Kf2 Rc2+ 53. Kf1 Rc1+ 54.
Ke2 Rc2+ 55. Kf1 Rc1+ 56. Ke2 Rc2+ 1/2-1/2

[Event "Superbet POL Blitz 2024"]
[Site "Warsaw POL"]
[Date "2024.05.11"]
[Round "8.1"]
[White "Duda, Jan-Krzysztof"]
[Black "Erigaisi, Arjun"]
[Result "0-1"]
[WhiteTitle "GM"]
[BlackTitle "GM"]
[WhiteElo "2734"]
[BlackElo "2762"]
[WhiteFideId "1170546"]
[BlackFideId "35009192"]
[EventDate "2024.05.11"]

1. e4 e6 2. d4 d5 3. Nc3 Nf6 4. Bg5 dxe4 5. Nxe4 Nbd7 6. Nf3 Be7 7. Bxf6 Nxf6 8.
Bd3 c5 9. Nxc5 Bxc5 10. dxc5 Qa5+ 11. Qd2 Qxc5 12. O-O-O Bd7 13. Rhe1 O-O 14.
Re5 Qe7 15. Nd4 Nd5 16. Rde1 Qf6 17. g4 Rfd8 18. g5 Qf4 19. Qxf4 Nxf4 20. Be4
Rac8 21. Ra5 Be8 22. Ne2 Nd3+ 23. Bxd3 Rxd3 24. Rxa7 Rf3 25. Rxb7 Rxf2 26. h4
Rh2 27. Rb4 f6 28. gxf6 gxf6 29. Nc3 Bg6 30. Kb1 Rxc2 31. Ka1 e5 32. a4 Rd2 33.
h5 Bc2 34. Rb7 Rcd8 35. Rg1+ Kf8 36. Ka2 R2d7 37. Rb6 f5 38. a5 f4 39. Re1 f3
40. Rf6+ Rf7 41. Rxf7+ Kxf7 42. Re3 Rd3 43. Re1 f2 44. Rc1 Bd1 45. a6 f1=Q 46.
a7 Qf3 47. Nxd1 Rd7 0-1

[Event "Superbet POL Blitz 2024"]
[Site "Warsaw POL"]
[Date "2024.05.11"]
[Round "8.2"]
[White "Wei, Yi"]
[Black "Praggnanandhaa, R"]
[Result "1-0"]
[WhiteTitle "GM"]
[BlackTitle "GM"]
[WhiteElo "2755"]
[BlackElo "2747"]
[WhiteFideId "8603405"]
[BlackFideId "25059530"]
[EventDate "2024.05.11"]

1. Nf3 Nf6 2. c4 g6 3. Nc3 Bg7 4. d4 O-O 5. e4 d6 6. h3 Nc6 7. d5 Nb8 8. Bd3 a5
9. O-O Na6 10. Be3 e5 11. a3 Bd7 12. Rb1 Nh5 13. b4 b6 14. Bc2 f5 15. exf5 gxf5
16. Bd2 Qe8 17. Re1 Kh8 18. Nd4 Qg6 19. Ne6 Rf6 20. g4 e4 21. Nxe4 fxe4 22. Bxe4
Qf7 23. Ng5 Qf8 24. Nxh7 Qg8 25. gxh5 Bxh3 26. Nxf6 Bxf6+ 27. Bg6 Bf5 28. Rb3
axb4 29. Rg3 Bh4 30. Qa1+ 1-0

[Event "Superbet POL Blitz 2024"]
[Site "Warsaw POL"]
[Date "2024.05.11"]
[Round "8.3"]
[White "Gukesh, D"]
[Black "Abdusattorov, Nodirbek"]
[Result "0-1"]
[WhiteTitle "GM"]
[BlackTitle "GM"]
[WhiteElo "2764"]
[BlackElo "2766"]
[WhiteFideId "46616543"]
[BlackFideId "14204118"]
[EventDate "2024.05.11"]

1. d4 Nf6 2. Bg5 g6 3. Nc3 Bg7 4. e4 d6 5. Nf3 O-O 6. Qd2 a6 7. O-O-O b5 8. Bd3
b4 9. Ne2 c5 10. e5 Qa5 11. exf6 exf6 12. Bf4 Qxa2 13. c4 Nc6 14. Qc2 Na5 15.
Kd2 d5 16. Nc1 Nxc4+ 17. Bxc4 Qxc4 18. Qxc4 dxc4 19. dxc5 Bd7 20. Ne2 Rfc8 21.
Be3 f5 22. Kc1 Bb5 23. Nf4 Ba4 24. Rd6 Bh6 25. Nd5 Bxe3+ 26. fxe3 Rxc5 27. Nxb4
c3 28. bxc3 Rxc3+ 29. Kd2 Rb3 30. Nd3 Bb5 31. Rc1 Re8 32. Rc3 Rxc3 33. Kxc3 Rxe3
34. Kd2 Re4 35. g3 Kg7 36. Nf4 h6 37. h4 Re7 38. Nd4 Re4 39. h5 Be8 40. hxg6
fxg6 41. Nfe6+ Kf7 42. Rxa6 Rg4 43. Ne2 Bb5 44. Rb6 Bxe2 45. Nd8+ Ke8 46. Nc6
Re4 47. Na5 Kf7 48. Nb3 Bf1 49. Nc5 Re2+ 50. Kd1 Re5 51. Rc6 Bb5 52. Rc7+ Re7
53. Rc8 Kf6 54. Rb8 Bc4 55. Rb6+ Kg5 56. Kd2 Bf7 57. Rb4 h5 58. Nd3 Re4 59. Rb7
Bc4 60. Nf4 h4 61. Nh3+ Kh6 62. gxh4 Rxh4 63. Nf2 Kg5 64. Ke3 Rh8 65. Rb4 Re8+
66. Kf3 Bd5+ 67. Kg3 Re3+ 68. Kh2 Kh5 69. Nh3 g5 70. Rb8 Re2+ 71. Kg1 Kg4 72.
Nf2+ Kf3 0-1

[Event "Superbet POL Blitz 2024"]
[Site "Warsaw POL"]
[Date "2024.05.11"]
[Round "8.4"]
[White "Keymer, Vincent"]
[Black "Shevchenko, Kirill"]
[Result "1-0"]
[WhiteTitle "GM"]
[BlackTitle "GM"]
[WhiteElo "2726"]
[BlackElo "2677"]
[WhiteFideId "12940690"]
[BlackFideId "14129574"]
[EventDate "2024.05.11"]

1. d4 Nf6 2. c4 c5 3. d5 e6 4. Nc3 exd5 5. cxd5 d6 6. e4 g6 7. f4 Bg4 8. Qa4+
Bd7 9. Qc2 Bg7 10. Nf3 O-O 11. Be2 b5 12. O-O b4 13. Nd1 Re8 14. Nf2 Qb6 15. Bc4
Ng4 16. e5 Bf5 17. Qb3 Nxf2 18. Rxf2 Nd7 19. e6 Nf6 20. exf7+ Kxf7 21. Bd2 Kg8
22. Re1 a5 23. Rfe2 Rxe2 24. Rxe2 a4 25. Qd1 Ne4 26. Qe1 Nxd2 27. Qxd2 b3 28.
axb3 axb3 29. h3 Qb8 30. Qe3 Ra4 31. g4 Bd7 32. Qe7 Ra1+ 33. Kg2 Ra7 34. Qe4 Qf8
35. Ng5 Bc8 36. Ne6 Qe7 37. Qd3 Qf6 38. Qxb3 Rb7 39. Qa4 Re7 40. Qc6 Bxe6 41.
dxe6 h5 42. Qe4 hxg4 43. hxg4 g5 44. fxg5 Qxg5 45. Rf2 Be5 46. Qf5 Qg7 47. Qh5
Bf6 48. b3 Bd4 49. Rf7 Rxf7 50. exf7+ Kf8 51. Qf5 Qh6 52. Qc8+ 1-0

[Event "Superbet POL Blitz 2024"]
[Site "Warsaw POL"]
[Date "2024.05.11"]
[Round "8.5"]
[White "Carlsen, Magnus"]
[Black "Giri, Anish"]
[Result "1-0"]
[WhiteTitle "GM"]
[BlackTitle "GM"]
[WhiteElo "2830"]
[BlackElo "2745"]
[WhiteFideId "1503014"]
[BlackFideId "24116068"]
[EventDate "2024.05.11"]

1. e4 e5 2. Nf3 Nc6 3. Bb5 Nf6 4. d3 Bc5 5. c3 O-O 6. O-O d5 7. Nbd2 dxe4 8.
dxe4 a5 9. Qc2 Qe7 10. a4 Nb8 11. h3 h6 12. Re1 Rd8 13. Bf1 Nbd7 14. Nc4 b6 15.
Rb1 Bb7 16. Bd2 Qe6 17. b4 axb4 18. cxb4 Bd4 19. a5 Rdc8 20. Nxd4 exd4 21. f3
Nh5 22. Qd3 Ng3 23. Qxd4 Nxf1 24. Rxf1 c5 25. bxc5 bxc5 26. Qc3 Ba6 27. Rfc1
Bxc4 28. Qxc4 Qxc4 29. Rxc4 Ne5 30. Ra4 Ra6 31. Bc3 Nd3 32. Rc4 Nf4 33. Kf2 Ne6
34. Ke3 g5 35. g3 Rca8 36. f4 Rc6 37. f5 Nc7 38. Rb6 Ra6 39. Rxa6 Nxa6 40. e5
Rc8 41. Ra4 Rd8 42. Ra2 Nb4 43. Rd2 Ra8 44. Rd6 Rxa5 45. Rd8+ 1-0